Nouvelle galerie de femmes célèbres (Record no. 164370)

MARC details
000 -LEADER
campo de control de longitud fija 00911nam a2200193 i 4500
001 - NÚMERO DE CONTROL
campo de control 164370
003 - IDENTIFICADOR DE NÚMERO DE CONTROL
campo de control ES-MaACL
005 - FECHA Y HORA DE LA ÚLTIMA TRANSACCIÓN
campo de control 20251005063130.0
008 - DATOS DE LONGITUD FIJA--INFORMACIÓN GENERAL
campo de control de longitud fija 050801s1872 fr f | |||||||| ||fre d
040 ## - FUENTE DE CATALOGACIÓN
Centro catalogador/agencia de origen CAM
Lengua de catalogación spa
Centro/agencia transcriptor CAM
100 1# - ENTRADA PRINCIPAL--NOMBRE DE PERSONA
Nombre de persona Sainte-Beuve, Charles-Augustin,
Fechas asociadas al nombre 1804-1869
9 (RLIN) 162958
245 10 - MENCIÓN DEL TÍTULO
Título Nouvelle galerie de femmes célèbres
Resto del título : tirés des Causeries du lundi, des portraits littéraires, etc. /
Mención de responsabilidad, etc. par Sainte-Beuve ; illustrée de portraits gravés au burin par Regnault, Massard, Nargeot, Geoffroy et Delannoy, d'après les dessins de M.G. Staal.
260 ## - PUBLICACIÓN, DISTRIBUCIÓN, ETC.
Lugar de publicación, distribución, etc. Paris :
Nombre del editor, distribuidor, etc. Garnier Frères, libraires-éditeurs,
Fecha de publicación, distribución, etc. 1872 (
Fabricante Imprimerie J. Claye)
300 ## - DESCRIPCIÓN FÍSICA
Extensión 564, [4] p., [13] h. de lám. ;
Dimensiones 28 cm.
650 #4 - PUNTO DE ACCESO ADICIONAL DE MATERIA--TÉRMINO DE MATERIA
Término de materia o nombre geográfico como elemento de entrada Mujeres-
Subdivisión general Biografías.
9 (RLIN) 15255
700 1# - ENTRADA AGREGADA--NOMBRE PERSONAL
Nombre de persona Staal, Gustave,
Fechas asociadas al nombre 1817-1882
9 (RLIN) 132875
852 ## - LOCALIZACIÓN
Ubicación ES-MaACL
Número de control de estantería F-10158
Nota libre -- Enc. tela con cortes dorados
Holdings
Estatus retirado Estado de pérdida Estado de daño No para préstamo Colección Biblioteca de origen Biblioteca actual Ubicación en estantería Fecha de adquisición Fuente de adquisición Total de préstamos Signatura topográfica completa Código de barras Visto por última vez Precio de reemplazo Tipo de ítem Koha
        Libros del s. XIX Biblioteca del Ateneo de Madrid Biblioteca del Ateneo de Madrid Sala Pecera Planta 2 17/01/2008     F-10158 1172285 23/02/2023 23/02/2023 Libro impreso antiguo